000
00320nam a2200133Ia 4500
005
20251222155111.0
008
251222s9999||||xx |||||||||||||| ||spa||
082
_a
PED. 05
100
_a
THOMPSON E.
245
0
_a
EnfermerÃa Pediatrica - 4ta. Edición
250
_a
4ta. ed.
264
_b
Interamericana
942
_c
LIB
999
_c
38049
_d
38049